|
|
|
|
| LEADER |
01789cas a2200241 a 4500 |
| 001 |
AALejournalIMF009643 |
| 008 |
230101c9999 xx r poo 0 0eng d |
| 020 |
|
|
|c 5.00 USD
|
| 020 |
|
|
|z 9781451868135
|
| 022 |
|
|
|a 1018-5941
|
| 040 |
|
|
|a BD-DhAAL
|c BD-DhAAL
|
| 100 |
1 |
|
|a Haas, Francois.
|
| 245 |
1 |
4 |
|a The Markets in Financial Instruments Directive :
|b Banking on Market and Supervisory Efficiency /
|c Francois Haas.
|
| 264 |
|
1 |
|a Washington, D.C. :
|b International Monetary Fund,
|c 2007.
|
| 300 |
|
|
|a 1 online resource (23 pages)
|
| 490 |
1 |
|
|a IMF Working Papers
|
| 500 |
|
|
|a <strong>Off-Campus Access:</strong> No User ID or Password Required
|
| 500 |
|
|
|a <strong>On-Campus Access:</strong> No User ID or Password Required
|
| 506 |
|
|
|a Electronic access restricted to authorized BRAC University faculty, staff and students
|
| 520 |
3 |
|
|a The Markets in Financial Instruments Directive (MiFID) which comes to life on November 1, 2007, represents a major step toward the creation of a single, more competitive, cross-border securities market in Europe. Together with other components of the European Commission's Financial Services Action Plan, MiFID has the potential to significantly transform the provision of financial services and the functioning of capital markets in Europe. This paper assesses the directive and the dynamics it creates from a broad perspective, focusing on those aspects that carry relatively higher transformation potential, and on the appropriate supervisory arrangements for European securities markets once MiFID is operational.
|
| 538 |
|
|
|a Mode of access: Internet
|
| 830 |
|
0 |
|a IMF Working Papers; Working Paper ;
|v No. 2007/250
|
| 856 |
4 |
0 |
|z Full text available on IMF
|u http://elibrary.imf.org/view/journals/001/2007/250/001.2007.issue-250-en.xml
|z IMF e-Library
|